Las flores del mal

-д хадгалсан:
Номзүйн дэлгэрэнгүй
Үндсэн зохиолч: Baudelaire, Charles Pierre (Зохиогч)
Формат: Ном
Хэл сонгох:франц
испани
Хэвлэсэн: Madrid Cátedra 1998
Хэвлэл:5a. ed
Цуврал:Colección Letras Universales, 149
Нөхцлүүд:
Шошгууд: Шошго нэмэх
Шошго байхгүй, Энэхүү баримтыг шошголох эхний хүн болох!

MARC

LEADER 00000nam a2200000 a 4500
001 UCP1682
003 CL-VaPUC
008 990426e19980000SP |||||||||||||||||fre|d
041 0 7 |a fre  |2 CL-VaPUC 
041 0 7 |a spa  |2 CL-VaPUC 
082 0 4 |a 841  |b BAU  |2 21 
100 0 |a Baudelaire, Charles Pierre  |e author  |9 265454 
245 1 4 |a Las flores del mal 
250 |a 5a. ed 
942 |c BK 
945 |d 19990426 00:00:00  |a rbrito 
260 |a Madrid  |b Cátedra  |c 1998 
650 0 |a Poesías francesas  |9 265467 
583 |a last modification  |c 19990426 00:00:00  |k Rodrigo Vera 
490 0 |a Colección Letras Universales, 149 
999 |c 280341  |d 280339 
952 |0 0  |1 0  |2 ddc  |4 0  |6 841_000000000000000_BAU_1998  |7 0  |8 R  |9 320592  |a BIBART  |b BIBART  |d 2019-11-20  |i 3518884  |l 10  |o 841 BAU 1998  |p 3518884  |r 2025-03-13  |s 2024-06-06  |w 2019-11-20  |y BK_R  |k ART 
952 |0 0  |1 1  |2 ddc  |4 0  |6 841_000000000000000_BAU_1998  |7 0  |8 R  |9 320593  |a BIBART  |b BIBART  |d 2019-11-20  |i 3518892  |o 841 BAU 1998  |p 3518892  |r 2019-11-20  |w 2019-11-20  |y BK  |k ART